| 000 | 00691cam a2200241 4500 | ||
|---|---|---|---|
| 001 | M92697 | ||
| 008 | 090401t xxu||||| |||| 00| 0 eng d | ||
| 035 | _a(Sirsi) u87230 | ||
| 041 | _aeng | ||
| 050 | _a331.2 | ||
| 110 |
_aLeasehold Advisory Service _93510 |
||
| 245 | _aAppointment of a surveyor, management audits. | ||
| 260 |
_aLondon _bLeasehold Advisory Service _c1998? |
||
| 300 | _a12p. ; 30cm. | ||
| 350 | _a0 | ||
| 650 | _aMANAGEMENT AUDITS | ||
| 650 |
_aProperty management _96262 |
||
| 650 | _aSERVICE CHARGES | ||
| 650 | _aSURVEYORS | ||
| 690 | _aPROPERTY-RESIDENTIAL PROPERTY-RESIDENTIAL LANDLORD AND TENANT-RESIDENTIAL TENANCIES | ||
| 942 | _n0 | ||
| 948 | _c06/07/1998 | ||
| 999 |
_c97206 _d97206 |
||